000 01188nas a2200313 c 4500
001 49992
003 ES-MaCES
005 20250312125707.0
007 cr |||||||||||
008 171002c1956 fr br|p|||||| 0||||0fre d
022 _a0008-0217
040 0 _aES-MaCES
_bspa
_cES-MaCES
245 0 0 _aCahiers français
260 _aParis
_bLa documentation Française
_c[1956]-
300 _a v.
_c27 cm.
310 _aBimestral
500 _aTítulo tomado de la cubierta.
541 _cCompra
650 4 _926781
_aeconomía
650 4 _927246
_apolítica
650 4 _927269
_asociedad
653 1 0 _aEconomía
780 0 5 _tProblèmes économiques : sélection d'articles français et étrangers
_w(ES-MaCES)25207
856 4 _uhttps://www.vie-publique.fr/recherche?search_api_fulltext=%22Cahiers%20fran%C3%A7ais%22&sort_by=field_update_date_and_hour&search_api_fulltext_1=Cahiers%20fran%C3%A7ais&f[0]=categories:collection_number
_ytexto completo desde n. 371 (2012)
_zAcceso para usuarios registrados
866 _a(2016-2018)2022-
_zUbicación: DEPÓSITO - 55/1147
_zUbicación: SALA - REV.-0.0.-11
905 _fP
_k
_pA
942 _2CES
_cCR
_h0.0.
999 _c49992
_d49992